01013nam a2200289 a 4500001001000000003000900010005001700019008004100036020001500077040002500092082001000117082001800127100003100145245006800176246006700244260006900311300003300380300002000413490005300433490002900486500002100515504003800536650004800574650002200622830005000644830002900694000008010DO-SdBNP20230519124857.0090914s2002 dr a 001 0 spa d a9993477206 aDO-SdBNPbspacBNPHU bJ585p a581.63bJ585p1 aMarcano F., Eugenio de JS.10aPlantas comestibles no tradicionales /cEugenio de JS. Marcano.14aPlantas comestibles no tradicionales en República Dominicana aSanto Domingo :bUniversidad Autónoma de Santo Domingo,c2002. a89, XIII p. :bil. ;c21 cm. a89 p. ;c21 cm.1 aUniversidad Autónoma de Santo Domingovv. 10791 aSalud y sociedadvNo. 40 aIncluye índice aIncluye bibliografía (XI -XIII) 4aPlantas comestibleszRepública Dominicana 4aBotanica médica 0aUniversidad Autónoma de Santo Domingov1079 0aSalud y sociedadvNo. 40